| 000 | 00390nam a22001697a 4500 | ||
|---|---|---|---|
| 005 | 20160622104427.0 | ||
| 008 | 160622b xxu||||| |||| 00| 0 eng d | ||
| 020 | _a0-19-569087-7 | ||
| 041 | _aeng | ||
| 082 | _b8901 | ||
| 100 |
_aBedi, Kanishka _92450 |
||
| 245 | _aProduction and Operations Mgt. | ||
| 260 |
_bOxford _c2008 |
||
| 300 | _a737 | ||
| 650 |
_aManagement _9241 |
||
| 942 | _cBK | ||
| 999 |
_c3483 _d3482 |
||